Discusiones actuales sobre derecho penitenciario

Detalles Bibliográficos
Otros Autores: Arocena, Gustavo A (Conductor)
Formato: eBook
Lenguaje:español
Publicado: Cr̤doba : Alveroni Ediciones, 2011.
Materias:
Acceso en línea:Acceso restringido

MARC

LEADER 00000nam a2200000 a 4500
005 20131218174447.0
007 cr||||||||||||
008 130703s2011 ag sb 000 0 spa d
020 |a 9789876430623 
035 |a 11711 
040 |a FlNmELB  |c FlNmELB  |d BUS  |d vLex 
080 |a 34 
082 0 4 |a 344.035  |2 23 
090 |c 4645  |d 4645 
245 0 0 |a Discusiones actuales sobre derecho penitenciario  |h [Recurso electrn̤ico] /  |c director: Gustavo A. Arocena. 
256 |a Servicio en lƯ̕nea. 
260 |a Cr̤doba :  |b Alveroni Ediciones,  |c 2011. 
300 |a 1 recurso electrn̤ico 
504 |a Contiene bibliografƯ̕a. 
506 1 |a Contenido solo disponible en los productos indicados  |d vLex Global  |d vLex Global (Academic Edition, excluding Law Schools)  |d vLex Global (U.S. Academic Edition, Law Schools)  |d vLex Global (U.S. Academic Edition, excluding Law Schools)  |d vLex Global (Academic Edition, Law Schools) 
650 0 4 |a Derecho penitenciario  |z Argentina 
700 1 |a Arocena, Gustavo A,  |e dir. 
740 0 |a vLex Libros (Servicio en ln̕ea) 
856 4 0 |u http://vlex.com/source/derecho-penitenciario-discusiones-actuales-11711  |z Acceso restringido 
942 |c BOOK 
999 0 |a Correctional law